2倍高速タイピングA-Z - Statistics

General Stats
  • This quiz has been taken 24 times
  • The average score is 25 of 39
Answer Stats
Answer % Correct
a
100%
b
100%
c
100%
d
100%
e
100%
f
100%
g
100%
h
100%
i
100%
j
100%
k
100%
o
100%
p
100%
q
100%
r
100%
t
100%
u
100%
w
100%
l
83%
m
83%
n
83%
s
83%
v
83%
x
83%
y
83%
z
67%
ab
17%
cd
17%
ef
17%
gh
0%
ij
0%
kl
0%
mn
0%
op
0%
qr
0%
st
0%
uv
0%
wx
0%
yz
0%
No matching quizzes found
Score Distribution
Percent of People with Each Score
Percentile by Number Answered
Your Score History
You have not taken this quiz